000 00656 a2200229 4500
005 20260210142925.0
008 260210b |||||||| |||| 00| 0 eng d
020 _a9781032825328
_cRs. 1295.00
040 _aMAIN
082 _a320.454
_bV77C
100 _aVinod, M J
245 _aCooperative federalism in south asia and europe: Contemporary issues and trends
260 _bRoutledge
_c2024
_aOxon
300 _axvi, 251
650 _aPolitical Science
650 _aFederal Government
650 _aFederalism
700 _aJoseph, Stefy V
700 _aChennatuserry, Joseph Chacko
700 _aChryssochoou, Dimitris N
942 _cBK
999 _c395055
_d395055